[Event "Turkey Cup 2020"]
[Site "Antalya-Belek"]
[Date "2020.01.31"]
[Round "9.94"]
[White "Pulat, Gulce"]
[Black "Caglar, Mehmet Halil"]
[Result "0-1"]
[WhiteElo "1539"]
[BlackElo "1670"]
[Annotator "NA RC"]
[PlyCount "118"]
[EventDate "2020.01.26"]
[EventType "swiss"]
[EventCountry "TUR"]
[SourceTitle "playchess.com"]
[Source "ChessBase"]
[SourceQuality "1"]

1. e4 c5 2. Nc3 d6 3. Bb5+ Nc6 4. Bxc6+ bxc6 5. f4 Nf6 6. Nf3 Bg4 7. O-O Nd7 8. h3 Bxf3 9. Qxf3 e6 10. d3 Be7 11. Qg3 O-O 12. Bd2 Rb8 13. b3 f5 14. Rae1 Bh4 15. Qf3 Bxe1 16. Rxe1 Qc8 17. Nd1 fxe4 18. Qxe4 e5 19. Nf2 d5 20. Qf3 Qc7 21. Qg4 Rbe8 22. fxe5 Nxe5 23. Qg5 Qf7 24. Qg3 Ng6 25. Rxe8 Rxe8 26. Ng4 Qe7 27. Ne3 Rf8 28. Ng4 a6 29. Qe3 Qxe3+ 30. Bxe3 d4 31. Bd2 Rf5 32. Nf2 Nf4 33. g4 Rf8 34. Bxf4 Rxf4 35. Ne4 h5 36. Nxc5 hxg4 37. hxg4 Rxg4+ 38. Kf2 Rg5 39. Ne6 Rf5+ 40. Kg3 c5 41. a4 Kf7 42. Nc7 Rf6 43. a5 Rd6 44. Kf4 Ke7 45. Ke5 Kd7 46. Nd5 Re6+ 47. Kf5 Re2 48. c3 Kd6 49. c4 Rb2 50. b4 Rxb4 51. Kg6 Rb3 52. Nf4 Ke5 53. Kg5 Ra3 54. Ng6+ Kd6 55. Nf4 Rxa5 56. Kg6 Ra1 57. Kxg7 Rg1+ 58. Kf6 Rf1 59. Kg5 Rxf4 0-1

[Event "Turkey Cup 2020"]
[Site "Antalya-Belek"]
[Date "2020.01.31"]
[Round "9.95"]
[White "Ozata, Doruk"]
[Black "Yavic, Adnan"]
[Result "0-1"]
[WhiteElo "1699"]
[BlackElo "1590"]
[Annotator "NA RC"]
[PlyCount "73"]
[EventDate "2020.01.26"]
[EventType "swiss"]
[EventCountry "TUR"]
[SourceTitle "playchess.com"]
[Source "ChessBase"]
[SourceQuality "1"]

1. e4 e6 2. d4 d5 3. Nd2 Nf6 4. e5 Nfd7 5. f4 c5 6. c3 Nc6 7. Ndf3 cxd4 8. cxd4 Qb6 9. g3 Bb4+ 10. Kf2 f6 11. Kg2 O-O 12. Bd3 fxe5 13. fxe5 g6 14. Bb1 Be7 15. h4 Rf7 16. h5 g5 17. g4 h6 18. a3 Ndxe5 19. dxe5 Nxe5 20. Qd4 Qxd4 21. Nxd4 Nxg4 22. Ndf3 Bd7 23. Bg6 Rf6 24. Bd2 e5 25. Nh3 e4 26. Nfxg5 hxg5 27. Bxg5 Rf3 28. Rae1 Bd6 29. Bh4 Ne3+ 30. Rxe3 Rxe3 31. Ng5 Rf8 32. Bf2 Re2 33. Rf1 e3 34. h6 Rexf2+ 35. Rxf2 exf2 36. h7+ Kh8 37. Nf7+ 0-1

[Event "Turkey Cup 2020"]
[Site "Antalya-Belek"]
[Date "2020.01.31"]
[Round "9.96"]
[White "Saglam, Baver"]
[Black "Ilcin, Murat Veysi"]
[Result "1/2-1/2"]
[WhiteElo "1364"]
[BlackElo "1605"]
[Annotator "NA RC"]
[PlyCount "104"]
[EventDate "2020.01.26"]
[EventType "swiss"]
[EventCountry "TUR"]
[SourceTitle "playchess.com"]
[Source "ChessBase"]
[SourceQuality "1"]

1. d4 Nf6 2. c4 g6 3. Nc3 Bg7 4. e4 d6 5. Nf3 O-O 6. Be2 Nc6 7. O-O e5 8. d5 Ne7 9. Bg5 h6 10. Be3 Ng4 11. b4 f5 12. Nd2 Nf6 13. f3 f4 14. Bf2 g5 15. c5 Ng6 16. Rc1 Rf7 17. Nc4 Bf8 18. cxd6 Bxd6 19. Nxd6 cxd6 20. Qb3 g4 21. Qd1 h5 22. Qe1 gxf3 23. Bxf3 Ng4 24. h3 Nxf2 25. Qxf2 Qg5 26. Kh1 Bd7 27. Ne2 Bb5 28. Rc3 Kg7 29. Rfc1 b6 30. Rc7 Raf8 31. Ng1 Kh6 32. Be2 Bxe2 33. Qxe2 Qd8 34. Rxf7 Rxf7 35. Nf3 Rc7 36. Qd2 Qc8 37. Rxc7 Qxc7 38. Qd3 Qc1+ 39. Kh2 a5 40. bxa5 bxa5 41. Nd2 Nh4 42. Nf3 Nxf3+ 43. Qxf3 Qc2 44. a3 a4 45. Kg1 Qb3 46. Kf2 Kg5 47. Ke2 Kh4 48. Qf2+ Qg3 49. Qf3 Qh2 50. Qf1 Qg3 51. Qf2 Qxf2+ 52. Kxf2 Kg5 1/2-1/2

[Event "Turkey Cup 2020"]
[Site "Antalya-Belek"]
[Date "2020.01.31"]
[Round "9.97"]
[White "Arslanargun, Zana"]
[Black "Avanoglu, Nurulllah"]
[Result "0-1"]
[WhiteElo "1755"]
[BlackElo "1569"]
[Annotator "NA RC"]
[PlyCount "112"]
[EventDate "2020.01.26"]
[EventType "swiss"]
[EventCountry "TUR"]
[SourceTitle "playchess.com"]
[Source "ChessBase"]
[SourceQuality "1"]

1. d4 d5 2. c4 Nf6 3. Nc3 c6 4. Nf3 e6 5. e3 Nbd7 6. Bd3 h6 7. O-O b6 8. b3 Bb7 9. cxd5 Nxd5 10. Bb2 Nb4 11. Bb1 Nf6 12. a3 Nbd5 13. Ne4 Nxe4 14. Bxe4 Bd6 15. Rc1 Rc8 16. Bb1 Qe7 17. b4 O-O 18. e4 Nf4 19. Qd2 Bb8 20. e5 Ng6 21. Be4 Ba6 22. Rfe1 c5 23. dxc5 bxc5 24. Bc3 Rfd8 25. Qe3 cxb4 26. Bxb4 Qd7 27. h4 Nxe5 28. Nxe5 Bxe5 29. Bb1 Rxc1 30. Rxc1 Bd4 31. Qg3 Bf6 32. Be4 Bb7 33. Bxb7 Qxb7 34. h5 Qd5 35. Qg4 a5 36. Be1 Bb2 37. Rc7 Bxa3 38. Qf4 Qxh5 39. g4 Qg6 40. Rc4 h5 41. Bxa5 Rd1+ 42. Kg2 Qxg4+ 43. Qxg4 hxg4 44. Rxg4 Bb2 45. Bb6 e5 46. Kf3 f6 47. Be3 Kf7 48. Rb4 Bc3 49. Rc4 Bd4 50. Bxd4 Rxd4 51. Rxd4 exd4 52. Ke4 Ke6 53. Kxd4 Kf5 54. Ke3 Kg4 55. f3+ Kg3 56. f4 f5 0-1

[Event "Turkey Cup 2020"]
[Site "Antalya-Belek"]
[Date "2020.01.31"]
[Round "9.99"]
[White "Kahraman, Yusuf"]
[Black "Tutumlu, Ali"]
[Result "1-0"]
[WhiteElo "1438"]
[BlackElo "1754"]
[Annotator "NA RC"]
[PlyCount "75"]
[EventDate "2020.01.26"]
[EventType "swiss"]
[EventCountry "TUR"]
[SourceTitle "playchess.com"]
[Source "ChessBase"]
[SourceQuality "1"]

1. e4 e5 2. Nf3 Nc6 3. Bc4 h6 4. O-O d6 5. Nc3 Nf6 6. d3 a6 7. Ne2 Na5 8. Bb3 Nxb3 9. axb3 Be7 10. Ng3 O-O 11. Qe2 c5 12. Bd2 Bg4 13. h3 Bd7 14. Nh4 Nd5 15. Nhf5 Nf4 16. Qf3 Bxf5 17. Nxf5 Ng6 18. Qg3 Kh7 19. f4 Bf6 20. Rf3 Nh4 21. Nxh4 Bxh4 22. Qg4 b5 23. Raf1 Ra7 24. fxe5 dxe5 25. Qf5+ Kg8 26. Qxe5 Qd4+ 27. Qxd4 cxd4 28. Rf5 Be7 29. c4 b4 30. Ra1 Rfa8 31. Rfa5 f6 32. Kf1 Kf7 33. Rd5 a5 34. Rxd4 Ke6 35. Rd5 Bd8 36. Ke2 Rd7 37. Rxd7 Kxd7 38. Bxb4 1-0

[Event "Turkey Cup 2020"]
[Site "Antalya-Belek"]
[Date "2020.01.31"]
[Round "9.100"]
[White "Sulak, Yusuf"]
[Black "Satiroglu, Kaan"]
[Result "1/2-1/2"]
[WhiteElo "1556"]
[BlackElo "1640"]
[Annotator "NA RC"]
[PlyCount "102"]
[EventDate "2020.01.26"]
[EventType "swiss"]
[EventCountry "TUR"]
[SourceTitle "playchess.com"]
[Source "ChessBase"]
[SourceQuality "1"]

1. Nf3 f5 2. c4 e6 3. b3 Nf6 4. Bb2 Be7 5. d4 O-O 6. e3 d6 7. Bd3 b6 8. Nbd2 Bb7 9. O-O Ne4 10. Qc2 Nxd2 11. Nxd2 Qe8 12. e4 f4 13. e5 Qh5 14. Be4 Nc6 15. Qd1 Qxd1 16. Raxd1 dxe5 17. dxe5 Nd8 18. Rfe1 Nc6 19. Nf3 Bb4 20. Rf1 Na5 21. Bxb7 Nxb7 22. Rd7 Rfd8 23. Rxc7 Nc5 24. a3 Na6 25. Rc6 Nb8 26. Rxe6 Bf8 27. Ng5 h6 28. Ne4 Kf7 29. Rd6 Bxd6 30. exd6 Nd7 31. b4 Nf6 32. Nxf6 gxf6 33. c5 bxc5 34. bxc5 Rac8 35. Bd4 Rc6 36. Ra1 Rd7 37. g3 f3 38. Re1 Ra6 39. Re3 Ra4 40. Bc3 Rc4 41. Rxf3 Rxc5 42. Rxf6+ Kg7 43. Rf3+ Kg6 44. Bb4 Rd5 45. Rc3 a5 46. Rc7 Rd8 47. Bc5 Kf5 48. f3 Rb8 49. Kg2 Ke6 50. Re7+ Kf6 51. Rc7 Ke5 1/2-1/2

[Event "Turkey Cup 2020"]
[Site "Antalya-Belek"]
[Date "2020.01.31"]
[Round "9.101"]
[White "Yalcindag, Hakan"]
[Black "Celik, Ege Yigit"]
[Result "1-0"]
[WhiteElo "1488"]
[BlackElo "1558"]
[Annotator "NA RC"]
[PlyCount "143"]
[EventDate "2020.01.26"]
[EventType "swiss"]
[EventCountry "TUR"]
[SourceTitle "playchess.com"]
[Source "ChessBase"]
[SourceQuality "1"]

1. Nf3 Nf6 2. d4 g6 3. c4 Bg7 4. Nc3 O-O 5. Bg5 d6 6. e3 h6 7. Bh4 Nbd7 8. Bd3 c6 9. Qc2 Qe8 10. h3 e5 11. dxe5 dxe5 12. Bxf6 Nxf6 13. O-O-O Nd7 14. Nd2 Nc5 15. Be2 Be6 16. Nde4 Nxe4 17. Nxe4 Qe7 18. Rd2 f5 19. Nd6 Rfd8 20. Rhd1 e4 21. c5 Rd7 22. Bc4 Rad8 23. Bxe6+ Qxe6 24. Qc4 Qxc4+ 25. Nxc4 Rxd2 26. Rxd2 Rxd2 27. Kxd2 Bf8 28. b4 b6 29. Ne5 bxc5 30. bxc5 Bxc5 31. Nxg6 Bd6 32. Nh4 f4 33. Nf5 Bc5 34. Nxh6+ Kg7 35. Ng4 fxe3+ 36. Nxe3 Kf6 37. Kc3 Ke5 38. Kc4 Bb6 39. g3 Ke6 40. h4 Ba5 41. Kd4 Be1 42. Kxe4 Bxf2 43. Kf3 Be1 44. h5 Kf6 45. g4 Kg5 46. Nc4 Bc3 47. Nd6 Bb2 48. Ne4+ Kh6 49. Kf4 Bd4 50. Nd6 Bb2 51. Nf5+ Kh7 52. Ke4 Bf6 53. Kd3 Bd8 54. Kc4 Bb6 55. g5 Bf2 56. g6+ Kh8 57. h6 Kg8 58. Ne7+ Kf8 59. g7+ Kxe7 60. g8=Q c5 61. h7 Bd4 62. h8=Q Bxh8 63. Qxh8 Kd6 64. Qb8+ Kc6 65. Qxa7 Kd6 66. Qxc5+ Ke6 67. Qg5 Kd6 68. Qf6+ Kd7 69. Kc5 Kc7 70. Qe7+ Kb8 71. Kc6 Ka8 72. Qb7# 1-0

[Event "Turkey Cup 2020"]
[Site "Antalya-Belek"]
[Date "2020.01.31"]
[Round "9.102"]
[White "Mermer, Yunus"]
[Black "Ersoy, Emre"]
[Result "1-0"]
[WhiteElo "1592"]
[BlackElo "1499"]
[Annotator "NA RC"]
[PlyCount "81"]
[EventDate "2020.01.26"]
[EventType "swiss"]
[EventCountry "TUR"]
[SourceTitle "playchess.com"]
[Source "ChessBase"]
[SourceQuality "1"]

1. d4 e6 2. c4 Nf6 3. Nf3 Bb4+ 4. Bd2 Qe7 5. Nc3 Bxc3 6. Bxc3 Ne4 7. Qc2 Nxc3 8. Qxc3 O-O 9. e3 d6 10. Bd3 Nc6 11. a3 a5 12. O-O e5 13. d5 Nb8 14. Nd2 a4 15. e4 Bd7 16. f4 exf4 17. Rxf4 Na6 18. Bc2 Nc5 19. Raf1 f6 20. R4f2 b5 21. Bd3 bxc4 22. Bxc4 Rfb8 23. Rf4 Bb5 24. Bxb5 Rxb5 25. Rg4 Qe5 26. Rxf6 Rxb2 27. Qxe5 dxe5 28. Nc4 Ra2 29. Rc6 Rb8 30. h3 Nd3 31. Rxc7 g6 32. d6 Nf4 33. d7 Rd8 34. Rxf4 exf4 35. Rc8 Rxc8 36. dxc8=Q+ Kg7 37. Qc7+ Kh6 38. Qxf4+ Kg7 39. Ne5 Rxa3 40. Qf7+ Kh6 41. Qf8+ 1-0

[Event "Turkey Cup 2020"]
[Site "Antalya-Belek"]
[Date "2020.02.01"]
[Round "10.1"]
[White "Ozen, Deniz"]
[Black "Eren, Ataberk"]
[Result "1/2-1/2"]
[WhiteElo "2423"]
[BlackElo "2274"]
[Annotator "TA"]
[PlyCount "47"]
[EventDate "2020.01.26"]
[EventType "swiss"]
[EventCountry "TUR"]
[SourceTitle "playchess.com"]
[Source "ChessBase"]
[SourceQuality "1"]

1. e4 e5 2. Nf3 Nc6 3. Nc3 Nf6 4. a3 d5 5. Bb5 Nxe4 6. Qe2 Nxc3 7. Qxe5+ Be7 8. Qxc3 O-O 9. d4 Bf6 10. Bxc6 bxc6 11. O-O Bf5 12. Bf4 Be4 13. Qxc6 Rb8 14. Qc3 Qd7 15. Nd2 Bg6 16. b4 Rb6 17. Nb3 Qf5 18. Be5 Bd8 19. Nc5 h5 20. h3 h4 21. Rfe1 Bh7 22. Qf3 Qxf3 23. gxf3 Bxc2 24. Nd7 1/2-1/2

[Event "Turkey Cup 2020"]
[Site "Antalya-Belek"]
[Date "2020.02.01"]
[Round "10.2"]
[White "Yurtseven, Melih"]
[Black "Pektas, Yigit"]
[Result "1-0"]
[WhiteElo "2385"]
[BlackElo "2155"]
[Annotator "TA"]
[PlyCount "77"]
[EventDate "2020.01.26"]
[EventType "swiss"]
[EventCountry "TUR"]
[SourceTitle "playchess.com"]
[Source "ChessBase"]
[SourceQuality "1"]

1. Nf3 Nf6 2. g3 d5 3. Bg2 Nbd7 4. d4 e6 5. a4 c6 6. Bf4 Be7 7. O-O O-O 8. a5 a6 9. c4 Nh5 10. Bc1 Bd6 11. e4 dxe4 12. Ng5 Nhf6 13. Nc3 Bc7 14. Ngxe4 Bxa5 15. Bg5 Bb4 16. c5 Bxc3 17. bxc3 h6 18. Nxf6+ Nxf6 19. Bf4 Re8 20. Re1 Nd5 21. Bd2 e5 22. dxe5 Nc7 23. Qc1 Qe7 24. Qa3 Bf5 25. Qb2 Rad8 26. Be3 Bc8 27. f4 Qe6 28. Qf2 Nb5 29. Rac1 Qb3 30. c4 Nc7 31. Be4 Ne6 32. h4 Nf8 33. Qe2 Qb4 34. Ra1 Ne6 35. Reb1 Qc3 36. Rc1 Qb4 37. Qf2 Nf8 38. Qc2 Be6 39. Ra4 1-0

[Event "Turkey Cup 2020"]
[Site "Antalya-Belek"]
[Date "2020.02.01"]
[Round "10.3"]
[White "Yelligedik, Murat"]
[Black "Yilmazyerli, Mert"]
[Result "0-1"]
[WhiteElo "2056"]
[BlackElo "2411"]
[Annotator "TA"]
[PlyCount "72"]
[EventDate "2020.01.26"]
[EventType "swiss"]
[EventCountry "TUR"]
[SourceTitle "playchess.com"]
[Source "ChessBase"]
[SourceQuality "1"]

1. d4 g6 2. e4 Bg7 3. Nc3 d6 4. Bg5 a6 5. Nf3 b5 6. Bd3 Nd7 7. a4 b4 8. Ne2 Bb7 9. a5 Ngf6 10. Ng3 O-O 11. Qd2 c5 12. c3 d5 13. e5 Ne4 14. Qc2 c4 15. Bxe4 dxe4 16. Nxe4 f6 17. e6 fxg5 18. exd7 g4 19. Nfg5 Qxd7 20. Nc5 Qd5 21. Qe4 Qxe4+ 22. Ngxe4 Rf4 23. Nxb7 Rxe4+ 24. Kd1 Rf4 25. Rf1 e5 26. d5 Bf8 27. cxb4 Bxb4 28. Ra4 Bf8 29. d6 Rb8 30. Nc5 Bxd6 31. Nxa6 Rxb2 32. Kc1 c3 33. Ra1 Rd4 34. Rd1 Bf8 35. Rxd4 exd4 36. Nc7 Bh6+ 0-1

[Event "Turkey Cup 2020"]
[Site "Antalya-Belek"]
[Date "2020.02.01"]
[Round "10.4"]
[White "Citak, Selim"]
[Black "Koksal, Ege"]
[Result "1/2-1/2"]
[WhiteElo "2198"]
[BlackElo "2368"]
[Annotator "TA"]
[PlyCount "66"]
[EventDate "2020.01.26"]
[EventType "swiss"]
[EventCountry "TUR"]
[SourceTitle "playchess.com"]
[Source "ChessBase"]
[SourceQuality "1"]

1. d4 Nf6 2. c4 g6 3. Nc3 d5 4. Nf3 Bg7 5. Bg5 Ne4 6. Bf4 Nxc3 7. bxc3 c5 8. cxd5 Qxd5 9. e3 O-O 10. Be2 cxd4 11. cxd4 b6 12. Ne5 Bb7 13. Bf3 Qa5+ 14. Qd2 Qxd2+ 15. Kxd2 Bxf3 16. Nxf3 Na6 17. Rhc1 Rfc8 18. a3 Kf8 19. h4 h5 20. Be5 f6 21. Bg3 e6 22. Ne1 Kf7 23. Nd3 Bf8 24. Rab1 Rxc1 25. Rxc1 Bxa3 26. Ra1 Bb4+ 27. Ke2 Ba5 28. Rc1 Rd8 29. Rc6 Rd7 30. Bd6 Rb7 31. Rc8 Rd7 32. Rc6 Rb7 33. Rc8 Rd7 1/2-1/2

[Event "Turkey Cup 2020"]
[Site "Antalya-Belek"]
[Date "2020.02.01"]
[Round "10.5"]
[White "Sevgi, Volkan"]
[Black "Samani, Yamac"]
[Result "1/2-1/2"]
[WhiteElo "2345"]
[BlackElo "2259"]
[Annotator "TA"]
[PlyCount "64"]
[EventDate "2020.01.26"]
[EventType "swiss"]
[EventCountry "TUR"]
[SourceTitle "playchess.com"]
[Source "ChessBase"]
[SourceQuality "1"]

1. e4 c6 2. Ne2 d5 3. e5 c5 4. c3 Nc6 5. d4 Bf5 6. dxc5 Nxe5 7. Nd4 Bd7 8. Qe2 Nc6 9. Nd2 e6 10. b4 Nf6 11. N2f3 Be7 12. Be3 O-O 13. Qc2 Qb8 14. Nxc6 bxc6 15. Bd4 a5 16. a3 axb4 17. cxb4 Ne4 18. Bd3 f6 19. Bxe4 dxe4 20. Qxe4 Qb5 21. Bc3 e5 22. Qc2 Be6 23. a4 Qa6 24. Nd2 Rfd8 25. Ra3 Rd7 26. Qe4 Bd5 27. Qe3 Bxg2 28. Rg1 Bd5 29. Qe2 Qb7 30. a5 Rad8 31. a6 Qa7 32. Rg3 Bf8 1/2-1/2

[Event "Turkey Cup 2020"]
[Site "Antalya-Belek"]
[Date "2020.02.01"]
[Round "10.6"]
[White "Yaran, Siar"]
[Black "Tarlabasi, Emirhan"]
[Result "0-1"]
[WhiteElo "2248"]
[BlackElo "2274"]
[Annotator "ChessBase"]
[PlyCount "72"]
[EventDate "2020.01.26"]
[EventType "swiss"]
[EventCountry "TUR"]
[SourceTitle "playchess.com"]
[Source "ChessBase"]
[SourceQuality "1"]

1. d4 d5 2. c4 e6 3. Nc3 Be7 4. Nf3 Nf6 5. Bg5 h6 6. Bh4 O-O 7. Rc1 b6 8. cxd5 Nxd5 9. Bxe7 Qxe7 10. Nxd5 exd5 11. g3 Be6 12. Bg2 Qd6 13. O-O Nd7 14. Qa4 c5 15. Qa3 Rac8 16. dxc5 bxc5 17. Nd4 Qb6 18. Nxe6 fxe6 19. e4 d4 20. f4 Nf6 21. Bf3 c4 22. e5 d3+ 23. Kg2 Nd5 24. Bxd5 exd5 25. Rf3 Qd4 26. Qc3 Qxc3 27. bxc3 Rb8 28. Rf2 Kf7 29. Kf3 Ke6 30. Ke3 h5 31. Kd4 Rf5 32. Rcf1 Rbf8 33. Rb1 Rxe5 34. Rb7 Re4+ 35. Kc5 Rc8+ 36. Kb4 Re2 0-1

[Event "Turkey Cup 2020"]
[Site "Antalya-Belek"]
[Date "2020.02.01"]
[Round "10.7"]
[White "Ozenir, Ekin Baris"]
[Black "Yilmaz, Goktan"]
[Result "1-0"]
[WhiteElo "2285"]
[BlackElo "2265"]
[Annotator "ChessBase"]
[PlyCount "93"]
[EventDate "2020.01.26"]
[EventType "swiss"]
[EventCountry "TUR"]
[SourceTitle "playchess.com"]
[Source "ChessBase"]
[SourceQuality "1"]

1. d4 d5 2. c4 dxc4 3. e4 e5 4. Nf3 exd4 5. Qxd4 Qxd4 6. Nxd4 a6 7. Bxc4 Bc5 8. Nb3 Bb6 9. Nc3 Nf6 10. f3 Nc6 11. Bg5 Ne5 12. Be2 Be6 13. O-O-O h6 14. Bf4 Ng6 15. Bd2 O-O-O 16. Na4 Ba7 17. Nac5 Bxb3 18. Nxb3 Rhe8 19. g3 b5 20. Kb1 Bb6 21. a4 c6 22. Ba5 Bxa5 23. Nxa5 Kc7 24. Rc1 Kb6 25. Nxc6 Rd2 26. a5+ Kb7 27. Rhe1 Nf8 28. Nb4 Red8 29. Rc6 N8d7 30. Rxa6 Rd4 31. Ra7+ Kxa7 32. Nc6+ Ka6 33. Nxd4 Ne5 34. Rd1 Nc4 35. b4 Rc8 36. Rc1 Nd7 37. Ka2 Nde5 38. f4 Rd8 39. Nb3 Nc6 40. Nc5+ Ka7 41. Bxc4 bxc4 42. Rxc4 Rd1 43. Nb3 Nd8 44. Rd4 Rxd4 45. Nxd4 Nb7 46. e5 Nd8 47. Kb3 1-0

[Event "Turkey Cup 2020"]
[Site "Antalya-Belek"]
[Date "2020.02.01"]
[Round "10.8"]
[White "Isik, Alparslan"]
[Black "Demirbag, Alihan"]
[Result "0-1"]
[WhiteElo "2328"]
[BlackElo "2104"]
[Annotator "TA"]
[PlyCount "56"]
[EventDate "2020.01.26"]
[EventType "swiss"]
[EventCountry "TUR"]
[SourceTitle "playchess.com"]
[Source "ChessBase"]
[SourceQuality "1"]

1. d4 Nf6 2. c4 e6 3. Nf3 c5 4. d5 b5 5. dxe6 fxe6 6. cxb5 a6 7. bxa6 Bxa6 8. Nc3 Nc6 9. e4 Bxf1 10. Kxf1 d5 11. exd5 exd5 12. Bg5 d4 13. Ne4 Qd5 14. Nxf6+ gxf6 15. Bxf6 Rg8 16. Bh4 c4 17. Bg3 d3 18. h4 O-O-O 19. Qa4 Rxg3 20. fxg3 Bc5 21. Ke1 Qe4+ 22. Kd2 Qe2+ 23. Kc1 d2+ 24. Nxd2 Qxd2+ 25. Kb1 Nb4 26. Qa8+ Kc7 27. Qa5+ Kc6 28. Qa4+ Kb6 0-1

[Event "Turkey Cup 2020"]
[Site "Antalya-Belek"]
[Date "2020.02.01"]
[Round "10.9"]
[White "Kesgin, Halit Kaan"]
[Black "Ozsakallioglu, Okan"]
[Result "1/2-1/2"]
[WhiteElo "2061"]
[BlackElo "2272"]
[Annotator "ChessBase"]
[PlyCount "62"]
[EventDate "2020.01.26"]
[EventType "swiss"]
[EventCountry "TUR"]
[SourceTitle "playchess.com"]
[Source "ChessBase"]
[SourceQuality "1"]

1. e4 d6 2. d4 Nf6 3. Nc3 g6 4. f4 Bg7 5. Nf3 O-O 6. Be2 Nc6 7. O-O Bg4 8. d5 Nb8 9. h3 Bxf3 10. Bxf3 c6 11. Re1 Qc7 12. Be3 Nbd7 13. Qe2 Rfe8 14. dxc6 bxc6 15. Qa6 e5 16. g3 Rab8 17. Qa3 exf4 18. gxf4 Nb6 19. Qa6 d5 20. e5 Nfd7 21. Bf2 f6 22. a4 fxe5 23. a5 Nc8 24. fxe5 Nxe5 25. Bg2 Rxb2 26. Re2 Rf8 27. Rae1 Nf3+ 28. Bxf3 Bxc3 29. Bg4 Rxf2 30. Rxf2 Nd6 31. Qd3 Qg7 1/2-1/2

[Event "Turkey Cup 2020"]
[Site "Antalya-Belek"]
[Date "2020.02.01"]
[Round "10.10"]
[White "Karaoglan, Doruk"]
[Black "Ozdemir, Serhan Berat"]
[Result "1-0"]
[WhiteElo "2222"]
[BlackElo "2139"]
[Annotator "ChessBase"]
[PlyCount "87"]
[EventDate "2020.01.26"]
[EventType "swiss"]
[EventCountry "TUR"]
[SourceTitle "playchess.com"]
[Source "ChessBase"]
[SourceQuality "1"]

1. e4 c5 2. Nc3 e6 3. g3 d5 4. exd5 exd5 5. Bg2 Nf6 6. d3 d4 7. Ne4 Nxe4 8. Bxe4 Nc6 9. Ne2 Bd6 10. Nf4 O-O 11. O-O g6 12. Nd5 f5 13. Bg2 Kg7 14. Re1 Re8 15. Rxe8 Qxe8 16. Qd2 Qf7 17. Qh6+ Kh8 18. Bg5 Bf8 19. Qh4 Bg7 20. Bf4 Bd7 21. Nc7 Rc8 22. Bd5 Qf6 23. Qxf6 Bxf6 24. Re1 a6 25. Bb3 Kg7 26. Nd5 Bd8 27. Bd6 Na5 28. Ne7 Ra8 29. Bxc5 Nxb3 30. axb3 Kf7 31. Nd5 Rc8 32. b4 Bc6 33. Nf4 Bf6 34. h4 Bf3 35. Re6 h6 36. Rd6 g5 37. Nd5 Be5 38. Rd7+ Ke6 39. Nb6 Rg8 40. Re7+ Kf6 41. Nd7+ Kg6 42. Nxe5+ Kh5 43. Nxf3 Kg4 44. Kg2 1-0

[Event "Turkey Cup 2020"]
[Site "Antalya-Belek"]
[Date "2020.02.01"]
[Round "10.11"]
[White "Agdelen, Huseyin Can"]
[Black "Karaoglan, Kivanc"]
[Result "1-0"]
[WhiteElo "2199"]
[BlackElo "2123"]
[Annotator "ChessBase"]
[PlyCount "47"]
[EventDate "2020.01.26"]
[EventType "swiss"]
[EventCountry "TUR"]
[SourceTitle "playchess.com"]
[Source "ChessBase"]
[SourceQuality "1"]

1. e4 e6 2. d4 d5 3. Nd2 c5 4. exd5 Qxd5 5. Ngf3 cxd4 6. Bc4 Qd8 7. O-O Nc6 8. Nb3 a6 9. Qe2 Bd6 10. Rd1 Qc7 11. Nbxd4 Nge7 12. c3 O-O 13. a4 e5 14. Nxc6 Nxc6 15. Qd3 Be7 16. Ng5 g6 17. Qg3 Bf5 18. Be3 Kg7 19. h3 h6 20. Nf3 Rad8 21. Bd5 Bf6 22. Nh2 Nd4 23. Rxd4 Qc5 24. Rd2 1-0

[Event "Turkey Cup 2020"]
[Site "Antalya-Belek"]
[Date "2020.02.01"]
[Round "10.12"]
[White "Gunduz, Umut Erdem"]
[Black "Kirilmaz, Emre"]
[Result "1/2-1/2"]
[WhiteElo "2193"]
[BlackElo "2068"]
[Annotator "ChessBase"]
[PlyCount "143"]
[EventDate "2020.01.26"]
[EventType "swiss"]
[EventCountry "TUR"]
[SourceTitle "playchess.com"]
[Source "ChessBase"]
[SourceQuality "1"]

1. e4 Nf6 2. e5 Nd5 3. d4 d6 4. Nf3 dxe5 5. Nxe5 c6 6. Be2 Bf5 7. O-O Nd7 8. Nf3 e6 9. a3 Bd6 10. Re1 O-O 11. c4 N5f6 12. Nc3 h6 13. h3 e5 14. dxe5 Nxe5 15. Nd4 Bh7 16. Be3 a6 17. Qb3 Nfd7 18. Rad1 Qc7 19. Rd2 Rae8 20. Qd1 Bc5 21. b4 Ba7 22. c5 Bb8 23. f4 Ng6 24. Ne6 Rxe6 25. Rxd7 Rxe3 26. Rxc7 Bxc7 27. Bd3 Bxf4 28. Rxe3 Bxe3+ 29. Kf1 Rd8 30. Qc2 Bf4 31. Ne2 Be5 32. g3 Kf8 33. h4 Bg8 34. Bc4 Bf6 35. Ng1 Ne5 36. Be2 g5 37. hxg5 hxg5 38. Nf3 Kg7 39. Nxe5 Bxe5 40. Qf5 f6 41. Bd3 Kf8 42. Ke2 Ke7 43. Qg6 Bf7 44. Qh7 Bxg3 45. Bc4 Rf8 46. Bxf7 Rxf7 47. Qh3 Be5 48. Qc8 g4 49. Qxb7+ Ke6 50. Qxc6+ Kf5 51. Qxa6 g3 52. Qc8+ Kf4 53. Qh8 Ra7 54. Qh1 Kg4 55. Qf3+ Kg5 56. b5 Rh7 57. Qe3+ Bf4 58. Qe4 Rh2+ 59. Kf1 f5 60. Qe7+ Kg4 61. Qg7+ Kf3 62. Qb7+ Kg4 63. Qg7+ Kf3 64. Qb7+ Kg4 65. b6 Rf2+ 66. Ke1 Ra2 67. Qg7+ Kf3 68. Qb7+ Kg4 69. Qg7+ Kf3 70. Qb7+ Kg4 71. Qg7+ Kf3 72. Qb7+ 1/2-1/2

[Event "Turkey Cup 2020"]
[Site "Antalya-Belek"]
[Date "2020.02.01"]
[Round "10.13"]
[White "Ozguner, Hakki Ata"]
[Black "Kara, Yanki"]
[Result "1/2-1/2"]
[WhiteElo "2077"]
[BlackElo "2175"]
[Annotator "ChessBase"]
[PlyCount "71"]
[EventDate "2020.01.26"]
[EventType "swiss"]
[EventCountry "TUR"]
[SourceTitle "playchess.com"]
[Source "ChessBase"]
[SourceQuality "1"]

1. e4 e5 2. Nf3 Nc6 3. Bc4 Nf6 4. d3 Be7 5. O-O d6 6. a4 O-O 7. a5 a6 8. c3 h6 9. Nbd2 g6 10. Re1 Kg7 11. Nf1 Nh5 12. d4 Bg4 13. h3 Bxf3 14. Qxf3 Bg5 15. d5 Ne7 16. Ne3 f5 17. exf5 Nxf5 18. Qg4 Nxe3 19. Bxe3 Bxe3 20. fxe3 Nf6 21. Qe2 Qe7 22. Rf1 e4 23. Rf2 Nd7 24. Raf1 Rxf2 25. Rxf2 Qe5 26. Ba2 Nc5 27. Qc4 Re8 28. Bb1 b5 29. axb6 cxb6 30. b4 b5 31. Qf1 Na4 32. Rf7+ Kg8 33. Rf6 Qg5 34. h4 Qg3 35. h5 gxh5 36. Qf5 1/2-1/2

[Event "Turkey Cup 2020"]
[Site "Antalya-Belek"]
[Date "2020.02.01"]
[Round "10.14"]
[White "Guven, Oguz Kagan"]
[Black "Kucuk, Dogan"]
[Result "0-1"]
[WhiteElo "2143"]
[BlackElo "2005"]
[Annotator "ChessBase"]
[PlyCount "80"]
[EventDate "2020.01.26"]
[EventType "swiss"]
[EventCountry "TUR"]
[SourceTitle "playchess.com"]
[Source "ChessBase"]
[SourceQuality "1"]

1. d4 Nf6 2. Nf3 g6 3. c4 Bg7 4. Nc3 O-O 5. Bg5 d6 6. e3 Nbd7 7. Be2 c6 8. Qc2 Qc7 9. O-O a5 10. a3 e5 11. b4 h6 12. Bh4 Re8 13. Rfd1 axb4 14. axb4 Rxa1 15. Rxa1 Nf8 16. dxe5 dxe5 17. c5 Bf5 18. e4 Bg4 19. Nd2 Bxe2 20. Nxe2 Ne6 21. Nc4 Nh5 22. Nd6 Rb8 23. Ra7 Nhf4 24. Qa2 Bf8 25. Nc4 Qd7 26. Qc2 Nxe2+ 27. Qxe2 Nf4 28. Qc2 Qd4 29. h3 Nd3 30. Bg3 Nxb4 31. Qb3 Nd3 32. Na5 Nxc5 33. Qb6 Qd6 34. Nc4 Qe6 35. Nxe5 Nxe4 36. Nxc6 Nxg3 37. Rxb7 Qe1+ 38. Kh2 Nf1+ 39. Kg1 Ne3+ 40. Kh2 Bd6+ 0-1